Economic policy and transition to democracy (Record no. 8999)

MARC details
000 -LEADER
fixed length control field 00705nam a22002177a 4500
003 - CONTROL NUMBER IDENTIFIER
control field OSt
005 - DATE AND TIME OF LATEST TRANSACTION
control field 20240627132527.0
008 - FIXED-LENGTH DATA ELEMENTS--GENERAL INFORMATION
fixed length control field 240627b |||||||| |||| 00| 0 eng d
020 ## - INTERNATIONAL STANDARD BOOK NUMBER
International Standard Book Number 031212645
040 ## - CATALOGING SOURCE
Transcribing agency MUST
082 ## - DEWEY DECIMAL CLASSIFICATION NUMBER
Classification number 338.98 ECO 1996
100 ## - MAIN ENTRY--PERSONAL NAME
Personal name edited by Juan, Antonio Morales
9 (RLIN) 18265
245 ## - TITLE STATEMENT
Title Economic policy and transition to democracy
Remainder of title : the Latin American experience
260 ## - PUBLICATION, DISTRIBUTION, ETC. (IMPRINT)
Place of publication, distribution, etc. New York
Name of publisher, distributor, etc. : st Martin's press
Date of publication, distribution, etc. , C 1996
300 ## - PHYSICAL DESCRIPTION
Extent xvii, 242p.
Dimensions ; 22 cm
504 ## - BIBLIOGRAPHY, ETC. NOTE
Bibliography, etc includes bibliography<br/>includes index
650 ## - SUBJECT ADDED ENTRY--TOPICAL TERM
Topical term or geographic name as entry element Latin America - Economic condition- 1982
9 (RLIN) 18266
650 ## - SUBJECT ADDED ENTRY--TOPICAL TERM
Topical term or geographic name as entry element Democracy- Latin America
9 (RLIN) 18267
700 ## - ADDED ENTRY--PERSONAL NAME
Personal name Gary, Mcmahon
9 (RLIN) 18268
942 ## - ADDED ENTRY ELEMENTS (KOHA)
Source of classification or shelving scheme Dewey Decimal Classification
Koha item type Open Shelf
Holdings
Withdrawn status Lost status Source of classification or shelving scheme Damaged status Not for loan Home library Current library Date acquired Source of acquisition Inventory number Total Checkouts Full call number Barcode Date last seen Price effective from Koha item type
    Dewey Decimal Classification     MUST Main Library MUST Main Library 27/06/2024 Purchase 03/20064   338.98 ECO 1996 2024-21571 27/06/2024 27/06/2024 Open Shelf
    Dewey Decimal Classification     MUST Main Library MUST Main Library 27/06/2024 Purchase 03/20062   338.98 ECO 1996 2024-21572 27/06/2024 27/06/2024 Open Shelf
    Dewey Decimal Classification     MUST Main Library MUST Main Library 27/06/2024 Purchase 03/20061   338.98 ECO 1996 2024-21573 27/06/2024 27/06/2024 Open Shelf